Science Quiz

Random Science or Astronomy Quiz

Find the Galaxies! (Picture Click) Quiz Stats

 Plays Quiz not verified by Sporcle

Support Sporcle.
Go Orange.
Score 0/10 Timer 02:00
0 Plays Today
% Correct
Sombrero Galaxy
78.2%
Cigar Galaxy
67.4%
Hoag's Object
64.3%
Sunflower Galaxy
60.4%
Andromeda Galaxy
59.3%
Black Eye Galaxy
57.8%
Milky Way
53.3%
Whirlpool Galaxy
52%
Pinwheel Galaxy
51.1%
Bode's Galaxy
48%

You're not logged in!

Compare scores with friends on all Sporcle quizzes.
OR
Log In

From the Vault

The 3rd Thing You Need to Know: Superheroes

by MrWhiplash

Are Rocket & Groot the first two things you need to know?
Remove Ads.
Support Sporcle.
Get the best of Sporcle when you Go Orange. This ad-free experience offers more features, more stats, and more fun while also helping to support Sporcle. Thank you for becoming a member.

Show Comments

Extras

Top Quizzes Today


Score Distribution

Your Account Isn't Verified!

In order to create a playlist on Sporcle, you need to verify the email address you used during registration. Go to your Sporcle Settings to finish the process.

Report this User

Report this user for behavior that violates our Community Guidelines.

Details: